| 000 | 01341cam a2200361 i 4500 | ||
|---|---|---|---|
| 001 | 1204903 | ||
| 003 | YEEZEN | ||
| 005 | 20260311135335.0 | ||
| 008 | 241206s2024 ch g b 000 0 chi d | ||
| 020 |
_a9789570874495 _q(平裝) : _cNT$360 |
||
| 040 |
_aTWTNM _bchi _cTWTNM |
||
| 041 | 1 |
_achi _heng |
|
| 042 | _anbic | ||
| 084 |
_a177.1 _2ncsclt |
||
| 090 |
_a177.1 _b5042 |
||
| 100 | 1 |
_a拉薩特 _q(Lasater, Judith Hanson) |
|
| 245 | 1 | 0 |
_a非暴力溝通的對話練習 : _b放下指責或成見,善用5種情境對話,有效找出彼此的需要 / _c茱迪絲.韓森.拉薩特(Judith Hanson Lasater), 艾克.K.拉薩特(Ike K. Lasater)著 ; 王念慈譯 |
| 246 | 3 | 0 | _a放下指責或成見,善用5種情境對話,有效找出彼此的需要 |
| 246 | 3 | 0 | _a放下指責或成見,善用五種情境對話,有效找出彼此的需要 |
| 250 | _a初版 | ||
| 260 |
_a新北市 : _b聯經出版 : _c2024.08 _b聯合發行總經銷 |
||
| 300 |
_a216面 ; _c21公分 |
||
| 490 | 1 | _a心靈漫步 | |
| 504 | _a參考書目: 面212-216. | ||
| 650 | 7 |
_a人際傳播 _2lcstt. |
|
| 650 | 7 |
_a溝通技巧 _2lcstt. |
|
| 650 | 7 |
_a說話藝術 _2lcstt. |
|
| 700 | 1 |
_a拉薩特 _q(Lasater, Ike K.) |
|
| 700 | 1 | _a王念慈 | |
| 765 | 0 | _tWhat we say matters : Practicing nonviolent communication. | |
| 830 | 0 | _a心靈漫步 | |
| 942 |
_2ccl _cBOOK |
||
| 999 |
_c7700 _d7700 |
||